00417 2200169 4500001002100000005001500021035002000036245003300056100001300089250001700102300003200119260003300151082001100184084001700195020002200212650001300234INLIS00000000000042020240618024738 a0010-06240001291 aBeternak Kambing /cSuparman0 aSuparman acetakan ke-1 aiv, 60 hlm :bilus ;c21 cm aJakarta :bAzka Press,c2007 a636.08 a636.08 SUP b a978-979-121-160-4 4aBeternak